| 000 | 01198cam a2200349 i 4500 | ||
|---|---|---|---|
| 001 | 17968292 | ||
| 003 | PILC | ||
| 005 | 20150805083756.0 | ||
| 008 | 131211s2014 nyua 000 0 eng | ||
| 010 | _a 2013041719 | ||
| 020 | _a9780071816533 (alk. paper) | ||
| 040 |
_aDLC _beng _cDLC _erda _dDLC |
||
| 042 | _apcc | ||
| 050 | 0 | 0 |
_aQA 76.9.D3 _b.A483 2014 |
| 082 | 0 | 0 | _a005.74 |
| 100 | 1 | _aAlam, Maqsood. | |
| 245 | 1 | 0 |
_aOracle NoSQL database : _breal-time big data management for the enterprise / _cMaqsood Alam, Aalok Muley, Ashok Joshi, Chaitanya Kadaru. |
| 260 |
_aNew York : _bMcGraw-Hill Education, _c2014. |
||
| 300 |
_axxi, 230 pages : _billustrations ; _c24 cm |
||
| 500 | _aIncludes index. | ||
| 630 | 0 | 0 | _aOracle (Computer file) |
| 650 | 0 | _aDatabase management. | |
| 650 | 0 | _aNon-relational databases. | |
| 650 | 0 | _aBig data. | |
| 650 | 0 |
_aBusiness _xDatabases. |
|
| 700 | 1 | _aMuley, Aalok. | |
| 700 | 1 |
_aJoshi, Ashok, _d1959- |
|
| 700 | 1 | _aKadaru, Chaitanya. | |
| 906 |
_a7 _bcbc _corignew _d1 _eecip _f20 _gy-gencatlg |
||
| 942 |
_2lcc _cBK _kFOR |
||
| 999 |
_c288319 _d288319 |
||